[Event "BRA-ch U20"]
[Site "Florianopolis"]
[Date "2003.05.16"]
[Round "2"]
[White "Andreoli, Luiz Alberto"]
[Black "Stuani, Guido"]
[Result "0-1"]
[WhiteElo "1774"]
[BlackElo "1835"]
[PlyCount "50"]
[EventDate "2003.05.??"]
[EventType "swiss"]
[EventRounds "7"]
[EventCountry "BRA"]
[SourceTitle "EXT 2006"]
[Source "ChessBase"]
[SourceDate "2005.11.24"]
[SourceVersion "1"]
[SourceVersionDate "2005.11.24"]
[SourceQuality "1"]

1. e4 e6 2. d4 d5 3. e5 c5 4. c3 Nc6 5. Nf3 h6 6. Bb5 Bd7 7. Qe2 a6 8. Bd3 c4 9. Bc2 b5 10. a3 a5 11. 0-0 b4 12. axb4 axb4 13. Rxa8 Qxa8 14. cxb4 Bxb4 15. Bd2 Nge7 16. Qe1 Qb7 17. Ba4 0-0 18. Bxb4 Nxb4 19. Bxd7 Nd3 20. Qc3 Qxd7 21. Na3 Rb8 22. Rb1 Qa4 23. h3 Rb3 24. Qd2 Nc6 25. Kf1 Qxa3 0-1